Approaching Economics (Record no. 2087)

MARC details
005 - DATE AND TIME OF LATEST TRANSACTION
control field 20250507103006.0
020 ## - INTERNATIONAL STANDARD BOOK NUMBER
International Standard Book Number 0-7487-0370-5
082 ## - DEWEY DECIMAL CLASSIFICATION NUMBER
Classification number LECT 330 PER
100 ## - MAIN ENTRY--PERSONAL NAME
Author name PERRY, A.
245 ## - TITLE STATEMENT
Title Approaching Economics
250 ## - EDITION STATEMENT
Edition statement 2nd Ed.
260 ## - PUBLICATION, DISTRIBUTION, ETC.
Place of publication, distribution, etc. Oxford,
Name of publisher, distributor, etc. Stanley Thornes Publishers Ltd,
Date of publication, distribution, etc. 1990.
300 ## - PHYSICAL DESCRIPTION
Extent 448p.: ill.; figure, graph, table.
Other physical details Index.
Dimensions 30cm.
942 ## - ADDED ENTRY ELEMENTS (KOHA)
Source of classification or shelving scheme Dewey Decimal Classification
Koha item type Books
Holdings
Date last seen Total checkouts Full call number Barcode Cost, replacement price Price effective from Koha item type Lost status Source of classification or shelving scheme Damaged status Not for loan Withdrawn status Home library Current library Shelving location Date acquired Cost, normal purchase price
05/07/2025   LECT 330 PER 0000007985 45000.00 05/07/2025 Books   Dewey Decimal Classification       College of Business Education Main Library College of Business Education Main Library General Collection 11/01/2006 15000.00